000 00889cam a22002411 4500
001 sa 68018946
003 DLC
005 20260227112715.0
008 721031s1965 xx 000 0 ind
010 _asa 68018946
035 _a(OCoLC)480258
040 _aDLC
_cOAU
_dOCoLC
_dDLC
042 _apremarc
050 0 0 _aHF1597
_b.S9
100 0 _aSubroto.
245 1 0 _aKerdjasama ekonomi antar Nefos,
_coleh Subroto dan Ali Wardhana.
260 _aDjakarta,
_bLembaga Penjelidikan Ekonomi dan Masjarakat, Universitas Indonesia
_c[1965?]
300 _aii, 28 p.
_billus.
_c32 cm.
410 1 0 _a[Djakarta.
_bUniversitas Indonesia.
_bLembaga Penjelidikan Ekonomi dan Masjarakat.
_tLaporan]
_vno. 24B
651 0 _aIndonesia
_xForeign economic relations.
700 1 _aWardhana, Ali,
_ejoint author.
710 1 _aDjakarta.
_bUniversitas Indonesia.
_bLembaga Penjelidikan Ekonomi dan Masjarakat.
999 _c88733
_d88733